[Event "14. Bayer Open"]
[Site "Leverkusen"]
[Date "2016.03.14"]
[Round "6.53"]
[White "Jacobi, Bernd"]
[Black "Roder, Stephan"]
[Result "0-1"]
[WhiteElo "1465"]
[BlackElo "1360"]
[PlyCount "60"]
[EventDate "2016.??.??"]
[WhiteTeam "Langenfelder SF"]
[BlackTeam "Bergische SF"]

1. d4 b6 2. c3 Bb7 3. Bf4 e6 4. Nd2 Be7 5. Ngf3 Nf6 6. Bg5 O-O 7. Bxf6 Bxf6 8.
e3 d6 9. Bd3 Nd7 10. h4 c5 11. Bxh7+ Kxh7 12. Ng5+ Kh6 13. Qg4 g6 14. Nde4 Qe7
15. h5 Bxg5 16. hxg6+ Kg7 17. Nxg5 Nf6 18. Qg3 fxg6 19. f3 Rh8 20. O-O-O cxd4
21. Rxh8 Rxh8 22. Rxd4 Rh1+ 23. Kc2 e5 24. Rc4 Bd5 25. Ra4 Qd7 26. b3 b5 27.
Ra5 e4 28. f4 b4 29. cxb4 Qc6+ 30. Kb2 Qc1# 0-1

[Event "14. Bayer Open"]
[Site "Leverkusen"]
[Date "2016.03.14"]
[Round "6.54"]
[White "Kinnert, Reinhard"]
[Black "Azimi, Reza"]
[Result "1-0"]
[WhiteElo "1495"]
[BlackElo "1366"]
[PlyCount "99"]
[EventDate "2016.??.??"]
[WhiteTeam "TV Witzhelden"]
[BlackTeam "Schachuzipus Köln-Mülheim"]

1. c4 c5 2. Nc3 e6 3. g3 a6 4. Bg2 Nf6 5. e3 Nc6 6. a3 d6 7. Nge2 g6 8. O-O Bg7
9. Rb1 O-O 10. b4 cxb4 11. axb4 Bd7 12. b5 axb5 13. Nxb5 d5 14. Ba3 Re8 15. Nd6
Rxa3 16. Nxe8 Bxe8 17. Rxb7 Qa5 18. cxd5 Nxd5 19. d4 Ra2 20. Bf3 Qa6 21. Rb3
Bf8 22. Nf4 Nxf4 23. gxf4 Bb4 24. Bxc6 Bxc6 25. Rxb4 Qa8 26. Qb1 Kg7 27. Rb8
Qa5 28. Rb2 Qd5 29. f3 Ra3 30. Qc1 Ra6 31. Qc5 Qd7 32. Rb6 Rxb6 33. Qxb6 Bb5
34. Rf2 Bc6 35. Qc5 Qb7 36. e4 f5 37. Rc2 Ba4 38. Qe5+ Kh6 39. Rf2 Bd7 40. d5
exd5 41. exd5 Qb1+ 42. Kg2 Qd3 43. h4 Bb5 44. h5 Kxh5 45. Kg3 g5 46. Rh2+ Kg6
47. Qd6+ Kg7 48. Qe7+ Kg6 49. Qxh7+ Kf6 50. Rh6# 1-0

[Event "14. Bayer Open"]
[Site "Leverkusen"]
[Date "2016.03.14"]
[Round "6.55"]
[White "Lehmann, Thomas"]
[Black "Hoferichter, Michael"]
[Result "1/2-1/2"]
[WhiteElo "1331"]
[BlackElo "1375"]
[PlyCount "65"]
[EventDate "2016.??.??"]
[WhiteTeam "SV Sindorf"]
[BlackTeam "Klub Kölner SF"]

1. d4 d5 2. c4 e6 3. Nf3 Nf6 4. Nc3 Be7 5. Bg5 O-O 6. e3 Nbd7 7. cxd5 Nxd5 8.
Bxe7 Qxe7 9. Nxd5 exd5 10. Bd3 Qb4+ 11. Qd2 Qxd2+ 12. Nxd2 Nf6 13. b4 Re8 14.
Ke2 Nh5 15. g3 Nf6 16. Rhc1 c6 17. a4 Ng4 18. h3 Nf6 19. g4 g5 20. Rg1 Kh8 21.
Raf1 Rg8 22. f4 gxf4 23. Rxf4 Nd7 24. Rxf7 Rg7 25. Rgf1 Kg8 26. R7f5 b6 27. Nb3
Bb7 28. Rg1 Rf8 29. Rxf8+ Nxf8 30. Rf1 Bc8 31. Bf5 Ba6+ 32. Bd3 Bxd3+ 33. Kxd3
1/2-1/2

[Event "14. Bayer Open"]
[Site "Leverkusen"]
[Date "2016.03.14"]
[Round "6.56"]
[White "Teuber, Alfons"]
[Black "Longerich, Hans-Peter"]
[Result "0-1"]
[WhiteElo "1037"]
[BlackElo "1458"]
[PlyCount "92"]
[EventDate "2016.??.??"]
[WhiteTeam "BSW Opladen"]
[BlackTeam "SC Bayer Leverkusen"]

1. d4 d5 2. Nc3 c6 3. e3 Bf5 4. h3 Nf6 5. Nf3 Nbd7 6. Be2 e6 7. a3 Bd6 8. b4
O-O 9. Nh4 Ne4 10. Nxe4 Bxe4 11. Nf3 h6 12. O-O Nf6 13. c4 Rc8 14. c5 Bb8 15.
Bb2 Nd7 16. b5 Qc7 17. g3 Qd8 18. a4 Qf6 19. a5 e5 20. dxe5 Nxe5 21. Nxe5 Bxe5
22. Bxe5 Qxe5 23. Qd2 cxb5 24. f4 Qe6 25. Bg4 f5 26. Rfc1 fxg4 27. h4 a6 28.
Qd4 Rfe8 29. Ra2 Rc6 30. Kf2 Rec8 31. Rb2 Qe7 32. h5 Rxc5 33. Rxc5 Rxc5 34. Qe5
Qxe5 35. fxe5 Rc2+ 36. Rxc2 Bxc2 37. Ke2 Kf7 38. Kd2 Be4 39. Kc3 Ke6 40. Kd4
Bf3 41. Kc5 Kxe5 42. Kb6 d4 43. exd4+ Kxd4 44. Kc7 Ke5 45. Kd7 Kf6 46. Ke8 b4
0-1

[Event "14. Bayer Open"]
[Site "Leverkusen"]
[Date "2016.03.14"]
[Round "6.57"]
[White "Wotzka, Anton"]
[Black "Paul, André David"]
[Result "0-1"]
[WhiteElo "1507"]
[BlackElo "1492"]
[PlyCount "54"]
[EventDate "2016.??.??"]
[WhiteTeam "SF Schlebusch"]
[BlackTeam "Kölner SK Dr. Lasker"]

1. e4 e6 2. d4 d5 3. exd5 exd5 4. Bd3 Nf6 5. Nf3 Bd6 6. h3 O-O 7. O-O Re8 8.
Be3 b6 9. Nbd2 Bb7 10. c3 Nbd7 11. Qc2 h6 12. Rfe1 Ne4 13. c4 Nxd2 14. Nxd2 Nf6
15. cxd5 Nxd5 16. Nc4 Nb4 17. Qd2 Nxd3 18. Qxd3 Be4 19. Qc3 Qf6 20. Nxd6 cxd6
21. Qd2 Qg6 22. g3 Qf5 23. Kh2 Qf3 24. Rg1 Rac8 25. Qd1 Rc2 26. Qxf3 Bxf3 27.
b3 Rxe3 0-1

[Event "14. Bayer Open"]
[Site "Leverkusen"]
[Date "2016.04.04"]
[Round "7.2"]
[White "Heller, Achim"]
[Black "Rotstein, Jefim"]
[Result "0-1"]
[WhiteElo "1907"]
[BlackElo "2268"]
[PlyCount "130"]
[EventDate "2016.??.??"]
[WhiteTeam "SG Ennepe-Ruhr-Süd"]
[BlackTeam "SC Tornado Hochneukirch"]

1. d4 f5 2. g3 Nf6 3. Bg2 e6 4. Nf3 Be7 5. c4 d6 6. O-O O-O 7. Nc3 Qe8 8. Re1
Ne4 9. Nxe4 fxe4 10. Ng5 d5 11. cxd5 Bxg5 12. Bxg5 exd5 13. f3 Qg6 14. Be3 exf3
15. exf3 Nd7 16. Bf4 c6 17. Qd2 Nf6 18. Re7 Bd7 19. Be5 Rf7 20. Rxf7 Qxf7 21.
Re1 Re8 22. Bd6 Qg6 23. Be5 h5 24. Kh1 Nh7 25. Qf4 Ng5 26. Qd2 Nf7 27. Bf4
Rxe1+ 28. Qxe1 Qd3 29. Be3 Nd6 30. Bf1 Qf5 31. Qd1 Qf6 32. Bf4 Nf7 33. h4 Bf5
34. Qe2 Kh7 35. Qe3 b6 36. Qe8 Bg6 37. Qe3 Nd6 38. Qe5 Nf5 39. Qxf6 gxf6 40.
Bb8 Nxd4 41. Bxa7 Nf5 42. Kh2 b5 43. Kg2 Kg7 44. Kf2 Kf7 45. Bc5 Ng7 46. Ke3
Ne6 47. Bb6 Bb1 48. a3 Ke7 49. g4 Bg6 50. b3 hxg4 51. fxg4 Bc2 52. a4 bxa4 53.
bxa4 Bxa4 54. h5 Bc2 55. Ba6 Kd6 56. h6 c5 57. Bc8 Ng5 58. Bf5 Bxf5 59. gxf5
d4+ 60. Kf4 Kd5 61. Bd8 Nh7 62. Ba5 c4 63. Bd2 c3 64. Bc1 d3 65. Ke3 d2 0-1

[Event "14. Bayer Open"]
[Site "Leverkusen"]
[Date "2016.04.04"]
[Round "7.3"]
[White "Kniest, Oliver"]
[Black "Kesseler, Heiko"]
[Result "0-1"]
[WhiteElo "2252"]
[BlackElo "1993"]
[PlyCount "139"]
[EventDate "2016.??.??"]
[WhiteTeam "SG Solingen"]
[BlackTeam "Elberfelder SG"]

1. d4 Nf6 2. c4 e6 3. Nc3 Bb4 4. Qc2 c5 5. dxc5 O-O 6. a3 Bxc5 7. Nf3 b6 8. Bf4
Ba6 9. e3 Be7 10. Be2 d6 11. O-O Nbd7 12. Rfd1 Rc8 13. Bxd6 Bxc4 14. Bxc4 Rxc4
15. Qd3 Rc6 16. Bg3 Qe8 17. Nd4 Rc5 18. Ncb5 Qa8 19. b4 Rcc8 20. Qb3 Ne4 21.
Nc7 Qb7 22. Ndxe6 Bf6 23. Nxf8 Nxf8 24. Nb5 Bxa1 25. Rxa1 Nxg3 26. hxg3 Qd7 27.
Nd4 Ng6 28. Rd1 Ne5 29. b5 Qg4 30. Nc6 Ng6 31. Qd3 h5 32. Qd7 Ra8 33. Qxg4 hxg4
34. Rd8+ Rxd8 35. Nxd8 Ne5 36. Nc6 Nc4 37. Nxa7 Nxa3 38. Kf1 Kf8 39. Ke2 Ke8
40. Kd3 Kd7 41. Ke4 Kd6 42. Kd4 Nc2+ 43. Kc3 Na3 44. Kb4 Nb1 45. Nc8+ Kc7 46.
Ne7 Kd6 47. Nf5+ Ke5 48. Nxg7 Nd2 49. Nh5 Ne4 50. f4+ Kd5 51. Ng7 Nxg3 52. Ne8
f5 53. Nc7+ Ke4 54. Na8 Kxe3 55. Nxb6 Ne4 56. Nd5+ Kf2 57. Ne7 Nd6 58. b6 Kxg2
59. Nxf5 Nb7 60. Nd4 Kf2 61. f5 g3 62. f6 g2 63. f7 g1=Q 64. f8=Q+ Ke3 65. Nf5+
Kd3 66. Qf7 Qxb6+ 67. Ka3 Qc5+ 68. Kb2 Qe5+ 69. Ka2 Nc5 70. Ne7 {
Nach einigen weiteren Zügen verlor Weiß in extremer Zeitnot das Spiel.} 0-1

[Event "14. Bayer Open"]
[Site "Leverkusen"]
[Date "2016.04.04"]
[Round "7.4"]
[White "Keller, Karsten"]
[Black "Marcziter, Dmitrii"]
[Result "0-1"]
[WhiteElo "2118"]
[BlackElo "2226"]
[PlyCount "118"]
[EventDate "2016.??.??"]
[WhiteTeam "Langenfelder SF"]
[BlackTeam "DJK Aufwärts Aachen"]

1. Nf3 c5 2. c4 e6 3. Nc3 d5 4. cxd5 exd5 5. d4 Nc6 6. g3 Nf6 7. Bg2 Be7 8. O-O
O-O 9. dxc5 Bxc5 10. Na4 Be7 11. Be3 Bf5 12. Rc1 Qd7 13. Nc5 Bxc5 14. Rxc5 Rad8
15. Nd4 Rfe8 16. Qc1 Rc8 17. Nxc6 bxc6 18. f3 Bh3 19. Bxh3 Qxh3 20. Rf2 Qe6 21.
Bd4 Nd7 22. Rc3 Qd6 23. Bxa7 c5 24. b4 c4 25. Bd4 Ne5 26. a3 Nc6 27. Qd2 Re6
28. Bc5 Qe5 29. Re3 Qg5 30. f4 Qg6 31. Rxe6 fxe6 32. b5 Qb1+ 33. Rf1 Qxb5 34.
Bf2 Rd8 35. Bd4 Qb3 36. Rf3 Qb1+ 37. Kf2 Qe4 38. e3 Rb8 39. g4 Rb3 40. Kg3 Rd3
41. Qb2 h5 42. Bxg7 h4+ 43. Kf2 d4 44. Bxd4 Nxd4 45. Qb8+ Kh7 46. Qc7+ Kh6 47.
g5+ Kg6 48. f5+ Nxf5 49. Qb8 Rd2+ 50. Ke1 Rd1+ 51. Kxd1 Qxf3+ 52. Kc2 Nxe3+ 53.
Kd2 Qf2+ 54. Kc3 Qc2+ 55. Kd4 Qd3+ 56. Ke5 Qd5+ 57. Kf4 Ng2+ 58. Kg4 Qe4+ 59.
Kh3 Qf3+ 0-1

[Event "14. Bayer Open"]
[Site "Leverkusen"]
[Date "2016.04.04"]
[Round "7.5"]
[White "Schulte-Lentz, Christian"]
[Black "Balduan, Markus"]
[Result "0-1"]
[WhiteElo "2105"]
[BlackElo "2228"]
[PlyCount "66"]
[EventDate "2016.??.??"]
[WhiteTeam "Langenfelder SF"]
[BlackTeam "TV Witzhelden"]

1. e4 c5 2. Nf3 Nc6 3. d4 cxd4 4. Nxd4 g6 5. c4 Bg7 6. Be3 Nf6 7. Nc3 O-O 8.
Be2 d6 9. O-O Re8 10. Nc2 Nd7 11. Qe1 Nc5 12. f3 a5 13. b3 Nb4 14. Qd2 Nxc2 15.
Qxc2 Be6 16. Rad1 Qb6 17. Nd5 Bxd5 18. Rxd5 a4 19. Rb1 axb3 20. axb3 Ra3 21.
Bd1 e6 22. Rd2 Rea8 23. f4 Qb4 24. Bf3 Rxb3 25. Rxb3 Nxb3 26. Rd1 Nd4 27. Qd2
Nxf3+ 28. gxf3 Qxc4 29. Qxd6 Qe2 30. Bc5 Bf8 31. Qd8 Qxf3 32. Bxf8 Qe3+ 33. Kg2
Ra2+ 0-1

[Event "14. Bayer Open"]
[Site "Leverkusen"]
[Date "2016.04.04"]
[Round "7.6"]
[White "Reinemer, Frank"]
[Black "Auer, Martin"]
[Result "1-0"]
[WhiteElo "2111"]
[BlackElo "2170"]
[PlyCount "85"]
[EventDate "2016.??.??"]
[WhiteTeam "Langenfelder SF"]
[BlackTeam "SG Solingen"]

1. d4 Nf6 2. c4 e6 3. Nc3 Bb4 4. e3 c5 5. a3 Bxc3+ 6. bxc3 O-O 7. Bd3 Nc6 8.
Nf3 d6 9. e4 e5 10. h3 h6 11. Be3 b6 12. O-O Re8 13. d5 Ne7 14. Kh2 Ng6 15. g3
b5 16. cxb5 Nxd5 17. exd5 e4 18. Be2 exf3 19. Bxf3 Qd7 20. Bg2 Qxb5 21. Qc2 Qc4
22. Rfd1 Bd7 23. Bf1 Qa4 24. Qxa4 Bxa4 25. Rdb1 Rab8 26. c4 Bc2 27. Rxb8 Rxb8
28. Rc1 Rb2 29. g4 Ne5 30. Kg3 Be4 31. Rc3 Rb1 32. Bc1 g5 33. f4 gxf4+ 34. Kxf4
Bd3 35. Bg2 Bxc4 36. Kf5 Kg7 37. Be4 Rb3 38. Rxb3 Bxb3 39. Bb2 Ba4 40. Bxe5+
dxe5 41. Kxe5 Kf8 42. Kd6 c4 43. Kc7 1-0

[Event "14. Bayer Open"]
[Site "Leverkusen"]
[Date "2016.04.04"]
[Round "7.7"]
[White "Stillger, Bernhard"]
[Black "Krüger, Andre"]
[Result "1-0"]
[WhiteElo "2231"]
[BlackElo "2086"]
[PlyCount "56"]
[EventDate "2016.??.??"]
[WhiteTeam "SV Dinslaken"]
[BlackTeam "SV Mülheim-Nord"]

1. c4 e6 2. g3 Nf6 3. Bg2 d5 4. Nf3 Be7 5. O-O O-O 6. d4 Nbd7 7. Qc2 c6 8. Nbd2
b6 9. e4 dxe4 10. Nxe4 Nxe4 11. Qxe4 Ba6 12. b3 Rc8 13. Rd1 Qc7 14. Bf4 Bd6 15.
Bxd6 Qxd6 16. Ne5 Nf6 17. Qe3 Rfd8 18. Bf3 Nd7 19. h4 Nxe5 20. dxe5 Qc7 21. c5
bxc5 22. Qxc5 Qb6 23. Qxb6 axb6 24. Bxc6 Kf8 25. Be4 h6 26. f4 Be2 27. Rxd8+
Rxd8 28. Kf2 Bg4 {Ab hier war die Notation nicht mehr nachvollziehbar.} 1-0

[Event "14. Bayer Open"]
[Site "Leverkusen"]
[Date "2016.04.04"]
[Round "7.8"]
[White "Mohaupt, Sascha"]
[Black "Ljuboschiz, Alexander"]
[Result "1-0"]
[WhiteElo "2184"]
[BlackElo "2040"]
[PlyCount "91"]
[EventDate "2016.??.??"]
[WhiteTeam "SV Wermelskirchen"]
[BlackTeam "SC Tornado Hochneukirch"]

1. d4 Nf6 2. Nc3 d5 3. Bf4 g6 4. Qd2 c6 5. f3 b5 6. a3 Nbd7 7. e4 Nb6 8. b3 Bg7
9. e5 Ng8 10. Bd3 f6 11. Nge2 fxe5 12. dxe5 e6 13. Bg5 Qc7 14. f4 Ne7 15. Nd4
Bd7 16. O-O Nbc8 17. Kh1 O-O 18. b4 Nf5 19. Bxf5 gxf5 20. Nb3 Nb6 21. Qd4 Nc4
22. Rfe1 Qb6 23. Be7 Qxd4 24. Nxd4 Rf7 25. Bc5 Bf8 26. Bxf8 Rfxf8 27. a4 bxa4
28. Nxa4 Kf7 29. Nc5 Ke7 30. Ra6 Rfc8 31. Rea1 Rc7 32. Kg1 Nd2 33. R1a3 Ne4 34.
Rh3 Rh8 35. Nxe4 dxe4 36. Nb3 Bc8 37. Ra5 h5 38. Kf2 a6 39. Rc5 Rb7 40. Na5 Rb6
41. Nxc6+ Kd7 42. Rhc3 Bb7 43. Na5 Rb8 44. Rc7+ Kd8 45. Rh7 Bd5 46. Rg3 1-0

[Event "14. Bayer Open"]
[Site "Leverkusen"]
[Date "2016.04.04"]
[Round "7.9"]
[White "Goßmann, Jochen"]
[Black "Peschel, Andreas"]
[Result "0-1"]
[WhiteElo "1841"]
[BlackElo "2113"]
[PlyCount "46"]
[EventDate "2016.??.??"]
[WhiteTeam "SG Kalker/Deutzer"]
[BlackTeam "SG Solingen"]

1. e4 c6 2. d4 d5 3. exd5 cxd5 4. c4 Nf6 5. Nc3 e6 6. a3 Be7 7. Nf3 O-O 8. Bd3
b6 9. cxd5 exd5 10. h3 Re8 11. O-O Ba6 12. Bxa6 Nxa6 13. Qa4 Nc7 14. Ne5 Bd6
15. f4 Ne4 16. Nxe4 dxe4 17. Re1 Ne6 18. Rxe4 Rc8 19. Bd2 b5 20. Qxb5 Nxd4 21.
Qd3 Nc2 22. Rae1 Nxe1 23. Rxe1 Bxe5 0-1

[Event "14. Bayer Open"]
[Site "Leverkusen"]
[Date "2016.04.04"]
[Round "7.10"]
[White "Pejkovic, Patrick Slavko"]
[Black "Birnkott, Manfred"]
[Result "1/2-1/2"]
[WhiteElo "2049"]
[BlackElo "1904"]
[PlyCount "43"]
[EventDate "2016.??.??"]
[WhiteTeam "Langenfelder SF"]
[BlackTeam "SC Bayer Leverkusen"]

1. e4 c5 2. Nc3 Nc6 3. Bb5 Nd4 4. Bc4 g6 5. f4 Bg7 6. Nf3 e6 7. Nxd4 cxd4 8.
Nb5 d5 9. exd5 exd5 10. Bb3 a6 11. Na3 Ne7 12. O-O O-O 13. Qf3 Be6 14. d3 h5
15. Bd2 Re8 16. Rac1 Nf5 17. Nb1 Qb6 18. Rfe1 Qd6 19. Re2 Rac8 20. Kh1 Ne3 21.
h3 Bh6 22. Rf2 1/2-1/2

[Event "14. Bayer Open"]
[Site "Leverkusen"]
[Date "2016.04.04"]
[Round "7.12"]
[White "Boschek, Hans-Joachim"]
[Black "Sockel, Karl-Heinz"]
[Result "1/2-1/2"]
[WhiteElo "1791"]
[BlackElo "1863"]
[PlyCount "48"]
[EventDate "2016.??.??"]
[WhiteTeam "SG Solingen"]
[BlackTeam "SC Bayer Leverkusen"]

1. c4 e5 2. g3 g6 3. Bg2 Bg7 4. e4 d6 5. Nc3 Be6 6. d3 Nc6 7. Nge2 Nge7 8. Nd5
h6 9. Be3 Nd4 10. O-O O-O 11. Rc1 Kh7 12. h3 c6 13. Nxe7 Qxe7 14. f4 f5 15. Qd2
Rae8 16. Rce1 Qd7 17. Bxd4 exd4 18. Kh2 fxe4 19. dxe4 Bxc4 20. Rf2 c5 21. f5
gxf5 22. Nf4 Be5 23. exf5 Bf7 24. Be4 Bf6 1/2-1/2

[Event "14. Bayer Open"]
[Site "Leverkusen"]
[Date "2016.04.04"]
[Round "7.13"]
[White "Vranidis, Georgios"]
[Black "Kies, Werner"]
[Result "1/2-1/2"]
[WhiteElo "1835"]
[BlackElo "1861"]
[PlyCount "83"]
[EventDate "2016.??.??"]
[WhiteTeam "SC Solingen 28"]
[BlackTeam "SC Bayer Leverkusen"]

1. e4 c5 2. Nc3 g6 3. f4 Bg7 4. Nf3 Nc6 5. Bb5 d6 6. Bxc6+ bxc6 7. d3 Nf6 8.
O-O O-O 9. Qe1 Rb8 10. b3 Qa5 11. Bb2 Qb6 12. Na4 Qc7 13. Nc3 Ba6 14. Rb1 Nh5
15. f5 Qd7 16. Qh4 Bf6 17. Qg4 Ng7 18. Nh4 d5 19. Na4 Bxb2 20. Rxb2 dxe4 21.
Qxe4 Qd4+ 22. Qxd4 cxd4 23. Nc5 Bc8 24. f6 exf6 25. Rxf6 Ne6 26. Ne4 Kg7 27.
Nf3 c5 28. Ne5 Rb6 29. Nc4 Ra6 30. Rf2 f5 31. Ned6 Rd8 32. Nxc8 Rxc8 33. a4 Rb8
34. Rf1 Kf6 35. Rbb1 Re8 36. Rbe1 Nc7 37. Rxe8 Nxe8 38. Re1 Re6 39. Kf2 Nc7 40.
Na5 Ra6 41. Nc4 Re6 42. Na5 1/2-1/2

[Event "14. Bayer Open"]
[Site "Leverkusen"]
[Date "2016.04.04"]
[Round "7.15"]
[White "Meul, Willi"]
[Black "Goerke, Joachim"]
[Result "0-1"]
[WhiteElo "1744"]
[BlackElo "1996"]
[PlyCount "34"]
[EventDate "2016.??.??"]
[WhiteTeam "SV Hürth-Berrenrath"]
[BlackTeam "SG Solingen"]

1. d4 d5 2. Nf3 Nf6 3. e3 g6 4. c4 Bg7 5. Nc3 O-O 6. b3 c5 7. Nxd5 Nxd5 8. cxd5
cxd4 9. Nxd4 Qxd5 10. Bb2 Qa5+ 11. Qd2 Qxd2+ 12. Kxd2 Rd8 13. Bd3 e5 14. Nb5
Bf5 15. Nc7 Na6 16. Nxa8 Bxd3 17. a4 Bf1+ 0-1

[Event "14. Bayer Open"]
[Site "Leverkusen"]
[Date "2016.04.04"]
[Round "7.16"]
[White "Maric, Boris"]
[Black "Kuhn, Andreas"]
[Result "1/2-1/2"]
[WhiteElo "2015"]
[BlackElo "1831"]
[PlyCount "45"]
[EventDate "2016.??.??"]
[WhiteTeam "SV Grünfeld"]
[BlackTeam "SG Niederkassel"]

1. c4 c5 2. Nc3 Nc6 3. g3 g6 4. Bg2 Bg7 5. e4 e6 6. Nge2 Nge7 7. d3 d6 8. Be3
Nd4 9. O-O Nec6 10. Qd2 O-O 11. Bh6 Bxh6 12. Qxh6 Qf6 13. Nxd4 Nxd4 14. Rab1
Rb8 15. f4 Qg7 16. Qh4 f6 17. g4 Bd7 18. Qf2 g5 19. f5 e5 20. Bf3 b5 21. Bd1
bxc4 22. dxc4 Bc6 23. Qe3 1/2-1/2

[Event "14. Bayer Open"]
[Site "Leverkusen"]
[Date "2016.04.04"]
[Round "7.17"]
[White "Skiber, Friedel"]
[Black "Brinkmann, Sven"]
[Result "0-1"]
[WhiteElo "1499"]
[BlackElo "2000"]
[PlyCount "92"]
[EventDate "2016.??.??"]
[WhiteTeam "SG Solingen"]
[BlackTeam "SF Köln-Mülheim"]

1. e4 e5 2. f4 d6 3. Nf3 Bg4 4. c3 Nd7 5. fxe5 dxe5 6. d4 Ngf6 7. Bg5 Be7 8.
Bxf6 Bxf6 9. Bc4 O-O 10. O-O Bxf3 11. Rxf3 Nb6 12. Bb3 exd4 13. Rd3 c5 14. Nd2
Qc7 15. c4 Rae8 16. Qg4 Qe7 17. Re1 Qe6 18. Qh5 Qe5 19. Qh3 g6 20. Nf3 Qe6 21.
Qh6 Bg7 22. Qh4 h6 23. Nd2 a5 24. a4 Qc6 25. Rc1 Re5 26. Bd1 Nxa4 27. Rb3 Nb6
28. Be2 Nd7 29. Rb5 b6 30. Bd3 Rh5 31. Qf2 Re5 32. Re1 Re7 33. e5 Rxe5 34. Rf1
f5 35. Kh1 Re3 36. Be2 Ne5 37. Bf3 Nxf3 38. Nxf3 Rfe8 39. Qc2 Re2 40. Qb3 R8e6
41. Nh4 Bf6 42. Nf3 Bd8 43. Qd3 R6e3 44. Qd1 Bc7 45. Rb3 Qe4 46. Rxe3 Qxe3 0-1

[Event "14. Bayer Open"]
[Site "Leverkusen"]
[Date "2016.04.04"]
[Round "7.18"]
[White "Grah, Ulrich"]
[Black "Kreutzmann, Duke"]
[Result "0-1"]
[WhiteElo "1826"]
[BlackElo "1723"]
[PlyCount "82"]
[EventDate "2016.??.??"]
[WhiteTeam "SG Solingen"]
[BlackTeam "Düsseldorfer SK"]

1. e4 e6 2. d4 d5 3. Nc3 Nf6 4. Bg5 dxe4 5. Nxe4 Nbd7 6. Nf3 h6 7. Nxf6+ Nxf6
8. Bh4 Be7 9. Bd3 c5 10. dxc5 Qa5+ 11. c3 Qxc5 12. Qe2 O-O 13. O-O Rd8 14. Rfd1
Bd7 15. Ne5 Be8 16. Bc2 Rac8 17. Rac1 a5 18. Nf3 Bb5 19. Qe1 Qh5 20. Bxf6 Bxf6
21. Be4 Bc6 22. Rxd8+ Rxd8 23. Bxc6 bxc6 24. Rd1 Rd5 25. Rxd5 Qxd5 26. b3 Qd3
27. c4 a4 28. bxa4 Qxc4 29. Qb1 Qxa4 30. h3 c5 31. Qb8+ Kh7 32. Qb1+ g6 33. Qb3
Qe4 34. a4 c4 35. Qb4 Qd5 36. Nd2 c3 37. Ne4 Qd1+ 38. Kh2 Be5+ 39. g3 c2 40.
Qf8 Qd4 41. Qxf7+ Bg7 0-1

[Event "14. Bayer Open"]
[Site "Leverkusen"]
[Date "2016.04.04"]
[Round "7.19"]
[White "Angermünde, Dirk"]
[Black "Weber, Olaf"]
[Result "1/2-1/2"]
[WhiteElo "1966"]
[BlackElo "1863"]
[PlyCount "87"]
[EventDate "2016.??.??"]
[WhiteTeam "SF Gerresheim"]
[BlackTeam "SF Lohmar"]

1. e4 e6 2. d4 d5 3. e5 c5 4. c3 Qb6 5. Nf3 Nc6 6. Be2 cxd4 7. cxd4 Nh6 8. Nc3
Nf5 9. Na4 Qa5+ 10. Bd2 Bb4 11. Bc3 Bxc3+ 12. Nxc3 Qb6 13. Na4 Qa5+ 14. Nc3 Qb6
15. Bb5 Bd7 16. Bxc6 Bxc6 17. Qd2 Qa6 18. Qe2 Qxe2+ 19. Kxe2 O-O 20. Rhd1 b6
21. Rac1 Rfc8 22. Kd2 Bb7 23. g4 Nh6 24. h3 Ba6 25. Ne2 Bxe2 26. Kxe2 f6 27. g5
Nf5 28. Kd3 fxe5 29. Nxe5 Nd6 30. f3 Rf8 31. Rc6 Nc4 32. Nxc4 dxc4+ 33. Ke3 Rf5
34. Rg1 Raf8 35. Rg3 Rb5 36. Rg2 Rbf5 37. Rf2 Rxg5 38. Rxe6 Rg3 39. h4 Rh3 40.
Re4 Rf5 41. Re8+ Rf8 42. Re4 Rf4 43. Re8+ Rf8 44. Re4 1/2-1/2

[Event "14. Bayer Open"]
[Site "Leverkusen"]
[Date "2016.04.04"]
[Round "7.20"]
[White "Prößdorf, Lennard"]
[Black "Spiekermann, Stefan"]
[Result "1/2-1/2"]
[WhiteElo "1530"]
[BlackElo "2011"]
[PlyCount "27"]
[EventDate "2016.??.??"]
[WhiteTeam "SC Bayer Leverkusen"]
[BlackTeam "SV Menden"]

1. e4 c5 2. c3 Nf6 3. e5 Nd5 4. d4 cxd4 5. Nf3 e6 6. Bc4 Nc6 7. cxd4 d6 8. Qe2
Be7 9. O-O O-O 10. Re1 a6 11. a3 b5 12. Bd3 Qb6 13. Rd1 f6 14. exd6 1/2-1/2

[Event "14. Bayer Open"]
[Site "Leverkusen"]
[Date "2016.04.04"]
[Round "7.21"]
[White "Wirtz, Uwe"]
[Black "Henseler, Klaus"]
[Result "1/2-1/2"]
[WhiteElo "1850"]
[BlackElo "1825"]
[PlyCount "47"]
[EventDate "2016.??.??"]
[WhiteTeam "Königsspringer Leverkusen"]
[BlackTeam "SC Bayer Leverkusen"]

1. e4 c5 2. c3 Nf6 3. d3 Nc6 4. Nf3 d6 5. Be2 g6 6. O-O Bg7 7. Na3 O-O 8. Nc2
a6 9. Bg5 b5 10. Qd2 Rb8 11. Rab1 Be6 12. b3 Bd7 13. Rfd1 b4 14. cxb4 cxb4 15.
Bxf6 Bxf6 16. d4 Qa5 17. Ne3 Bg7 18. Nc4 Qd8 19. h3 Na7 20. e5 Bf5 21. Bd3 Bxd3
22. Qxd3 Nb5 23. Rb2 Nc3 24. Re1 1/2-1/2

[Event "14. Bayer Open"]
[Site "Leverkusen"]
[Date "2016.04.04"]
[Round "7.23"]
[White "Alexopoulos, Spiros Orestis"]
[Black "Hennig, Edgar Paul"]
[Result "0-1"]
[WhiteElo "1859"]
[BlackElo "1872"]
[PlyCount "58"]
[EventDate "2016.??.??"]
[WhiteTeam "Aachener SV"]
[BlackTeam "Satranç Club"]

1. c4 e5 2. g3 Nf6 3. Bg2 Nc6 4. Nc3 Bc5 5. a3 a6 6. b4 Ba7 7. e3 d6 8. Nge2
O-O 9. O-O Be6 10. Nd5 Nd7 11. Bb2 Rb8 12. Rc1 Ne7 13. d4 c6 14. Nxe7+ Qxe7 15.
d5 cxd5 16. cxd5 Bg4 17. h3 Bh5 18. g4 Bg6 19. e4 Qh4 20. Ng3 Qxg3 21. Rc3 Qh4
22. Qc2 Nf6 23. Bc1 Nxd5 24. Rd3 Rbc8 25. Qb3 Bxf2+ 26. Kh2 Nf6 27. Bg5 Nxg4+
28. Kh1 Qxg5 29. hxg4 Rc1 0-1

[Event "14. Bayer Open"]
[Site "Leverkusen"]
[Date "2016.04.04"]
[Round "7.24"]
[White "Janssen, Wolfgang"]
[Black "Pützkaul, Karl"]
[Result "0-1"]
[WhiteElo "1588"]
[BlackElo "1695"]
[PlyCount "66"]
[EventDate "2016.??.??"]
[WhiteTeam "SV Dormagen"]
[BlackTeam "SC Bayer Leverkusen"]

1. e4 e6 2. d3 d5 3. Nd2 c5 4. Ngf3 Nc6 5. g3 Nf6 6. Bg2 Be7 7. O-O O-O 8. Re1
Qc7 9. e5 Nd7 10. Qe2 b5 11. Nf1 a5 12. h4 b4 13. Bf4 Ba6 14. N1h2 c4 15. Ng5
h6 16. Qh5 hxg5 17. hxg5 g6 18. Qh4 Nd4 19. Ng4 Nf5 20. Qh3 Kg7 21. Bxd5 Rh8
22. Qg2 Rac8 23. Be4 cxd3 24. cxd3 Qb6 25. Rac1 Nc5 26. Red1 Bb7 27. Nf6 Nxe4
28. dxe4 Rxc1 29. Rxc1 Nd4 30. Re1 Qb5 31. f3 Bc5 32. Be3 Ba6 33. Qd2 Nxf3+ 0-1

[Event "14. Bayer Open"]
[Site "Leverkusen"]
[Date "2016.04.04"]
[Round "7.25"]
[White "Blumenthal, Ralf"]
[Black "Gnass, Arno"]
[Result "1-0"]
[WhiteElo "1813"]
[BlackElo "1629"]
[PlyCount "74"]
[EventDate "2016.??.??"]
[WhiteTeam "SK Turm Euskirchen"]
[BlackTeam "Bergische SF"]

1. c4 g6 2. e4 e5 3. Nc3 Bg7 4. d3 Nf6 5. g3 O-O 6. Bg2 d6 7. Nge2 c5 8. O-O
Nc6 9. a3 a5 10. Be3 Bd7 11. Nb5 Be6 12. h3 Na7 13. Nec3 Nxb5 14. Nxb5 Qb6 15.
Qc2 Bd7 16. Nc3 Qd8 17. Qd2 a4 18. Bg5 Bc6 19. g4 Rb8 20. Rab1 b5 21. b4 axb3
22. cxb5 Bxb5 23. Rxb3 Bc6 24. Rfb1 Rxb3 25. Rxb3 Qc7 26. Qb2 h5 27. Bxf6 Bxf6
28. gxh5 gxh5 29. Rb6 Bg7 30. Qb3 Ra8 31. a4 Qd7 32. Kh2 Kh7 33. Qd1 Bxa4 34.
Qxh5+ Kg8 35. Nd5 Bc6 36. Rxc6 Qb7 37. Rc7 Qb2 1-0

[Event "14. Bayer Open"]
[Site "Leverkusen"]
[Date "2016.04.04"]
[Round "7.26"]
[White "Stuch, Hans-Ferdinand"]
[Black "Axmann, Michael"]
[Result "1/2-1/2"]
[WhiteElo "1659"]
[BlackElo "1741"]
[PlyCount "41"]
[EventDate "2016.??.??"]
[WhiteTeam "SC Bonn Beuel"]
[BlackTeam "SC Bayer Leverkusen"]

1. d4 d5 2. Nf3 Nf6 3. c4 e6 4. Nc3 Nbd7 5. Bg5 c6 6. e3 Qa5 7. Bxf6 Nxf6 8.
Nd2 Bd6 9. c5 Bb8 10. f4 O-O 11. Bd3 Nd7 12. O-O f5 13. a3 Nf6 14. b4 Qd8 15.
Nf3 Bd7 16. Ne5 Ne4 17. Nxe4 fxe4 18. Be2 Rf6 19. g4 Bxe5 20. dxe5 Rf7 21. g5
1/2-1/2